Design and detailing for deconstruction (Record no. 109803)

MARC details
000 -LEADER
fixed length control field 02036cad a22002295a 4500
001 - CONTROL NUMBER
control field E147938
008 - FIXED-LENGTH DATA ELEMENTS--GENERAL INFORMATION
fixed length control field 111024s2005 xxk f 000 0 eng d
035 ## - SYSTEM CONTROL NUMBER
System control number (Sirsi) u147938
041 0# - LANGUAGE CODE
Language code of text/sound track or separate title eng
050 04 - LIBRARY OF CONGRESS CALL NUMBER
Classification number 690 $2 18
100 1# - MAIN ENTRY--PERSONAL NAME
Personal name Morgan, Chris
245 00 - TITLE STATEMENT
Title Design and detailing for deconstruction
Remainder of title SEDA desing guides for Scotland no. 1
Medium [electronic resource]
260 ## - PUBLICATION, DISTRIBUTION, ETC.
Place of publication, distribution, etc. [Scotland]
Name of publisher, distributor, etc. SEDA
Date of publication, distribution, etc. 2005
505 2# - FORMATTED CONTENTS NOTE
Formatted contents note Introduction -- The context: aims of this guide; target audience; how to use this guide; scope and definitions; the economics of deconstruction; responsibilities, roles and principles -- Building resource efficiency: ecological principles; natural and recycled resources; energy; waste, closing the loop; regionalism -- Design Approach: strategy, re-use or recycle?; strategic deconstruction; deconstruction in detail; the Deconstruction Plan; moving on, ownership and responsibilities -- Deconstruction detailing principles: adaptability; layering; access; connections; durable components; structure; insulation and airtightness; skins; services; key construction materials, re-use potential; risk and safety issues; existing building stock -- The details: double leaf concrete block; timber frame; steel frame with curtain walling; refurbishment of masonry building; concrete frame and panel
520 ## - SUMMARY, ETC.
Summary, etc. Scotland currently dumps one third of its construction waste. This guidance from the Sottish Ecological Design Association looks at ways in which details can be designed at the start of a project in such a way that they can be re-used on other projects once the structure reaches the end of its useful life. The details illustrated in the guidance have been costed, tested and subjected to a Defects Liability insurance assessment.
521 ## - TARGET AUDIENCE NOTE
Target audience note Advanced
651 #4 - SUBJECT ADDED ENTRY--GEOGRAPHIC NAME
Geographic name Scotland
Chronological subdivision 1999-
690 ## - LOCAL SUBJECT ADDED ENTRY--TOPICAL TERM (OCLC, RLIN)
Topical term or geographic name as entry element BUILT ENVIRONMENT-CONSTRUCTION DESIGN
700 1# - ADDED ENTRY--PERSONAL NAME
Personal name Stevenson, Fionn
856 40 - ELECTRONIC LOCATION AND ACCESS
Uniform Resource Identifier <a href="https://www.seda.uk.net/assets/files/guides/dfd.pdf">https://www.seda.uk.net/assets/files/guides/dfd.pdf</a>
Public note View the guidance free of charge at www.seda.uk.net
942 ## - ADDED ENTRY ELEMENTS (KOHA)
Suppress in OPAC 0
Holdings
Withdrawn status Lost status Source of classification or shelving scheme Damaged status Not for loan Home library Current library Shelving location Date acquired Total Checkouts Full call number Barcode Date last seen Copy number Price effective from Koha item type
    Dewey Decimal Classification     Virtual Virtual Online 02/07/2009   ONLINE PUBLICATION 147938-2001 06/08/2019 1 06/08/2019 Book